Teatro de Pedro Novo y Colson / (Record no. 112717)
[ view plain ]
| 000 -LEADER | |
|---|---|
| campo de control de longitud fija | 01178nam a2200241 i 4500 |
| 001 - NÚMERO DE CONTROL | |
| campo de control | 112717 |
| 003 - IDENTIFICADOR DE NÚMERO DE CONTROL | |
| campo de control | ES-MaACL |
| 005 - FECHA Y HORA DE LA ÚLTIMA TRANSACCIÓN | |
| campo de control | 20251124121300.0 |
| 007 - CAMPO FIJO DE DESCRIPCIÓN FÍSICA--INFORMACIÓN GENERAL | |
| campo de control de longitud fija | t| |
| 008 - DATOS DE LONGITUD FIJA--INFORMACIÓN GENERAL | |
| campo de control de longitud fija | 061121s1913 sp r ||||1| spa d |
| 080 ## - NÚMERO DE LA CLASIFICACIÓN DECIMAL UNIVERSAL | |
| Número de la Clasificación Decimal Universal | 821.134.2-2"18" |
| 100 1# - ENTRADA PRINCIPAL--NOMBRE DE PERSONA | |
| Nombre de persona | Novo y Colson, Pedro de, |
| Fechas asociadas al nombre | 1846-1931 |
| 9 (RLIN) | 86091 |
| 245 10 - MENCIÓN DEL TÍTULO | |
| Título | Teatro de Pedro Novo y Colson / |
| Mención de responsabilidad, etc. | con un prólogo del Excmo. Sr. D. Francisco F. de Béthencourt. |
| 260 ## - PUBLICACIÓN, DISTRIBUCIÓN, ETC. | |
| Lugar de publicación, distribución, etc. | Madrid : |
| Nombre del editor, distribuidor, etc. | [s.n.], |
| Fecha de publicación, distribución, etc. | 1913 ( |
| Fabricante | Imp. de los Hijos de M.G. Hernández) |
| 300 ## - DESCRIPCIÓN FÍSICA | |
| Extensión | XVI, 796, LIV p. ; |
| Dimensiones | 24 x 16 cm. |
| 505 8# - NOTA DE CONTENIDO CON FORMATO | |
| Nota de contenido con formato | Contiene: La manta del caballo ; Vasco Núñez de Balboa ; Corazón de hombre ; Hombre de corazón ; Un archimillonario ; La bofetada ; Todo por ella ; El pródigo ; Estado y marina ; Altezas del honor ; Los garrochistas ; Una hora en la terraza ; La presa del león ; Las bodas de Camacho el Rico ; Apéndice |
| 530 ## - NOTA DISPONIBLE DE FORMULARIO FÍSICO ADICIONAL | |
| Nota de formato físico adicional disponible | Disponible en formato digital. |
| 700 0# - ENTRADA AGREGADA--NOMBRE PERSONAL | |
| Nombre de persona | Fernández de Bethencourt, Francisco, |
| Fechas asociadas al nombre | 1851-1916 |
| 9 (RLIN) | 49629 |
| 852 4# - LOCALIZACIÓN | |
| Ubicación | ES-MaACL |
| Número de control de estantería | F-7632 |
| Ubicación en estantería | Depósito 2 |
| 856 4# - LOCALIZACIÓN Y ACCESO ELECTRÓNICOS | |
| Identificador Uniforme de Recursos | <a href="http://bdh-rd.bne.es/viewer.vm?id=0000068704&page=1 ">http://bdh-rd.bne.es/viewer.vm?id=0000068704&page=1 </a> |
| Texto de enlace | (Biblioteca Digital Hispánica) |
| 942 ## - ELEMENTOS DE ENTRADA SECUNDARIOS (KOHA) | |
| Fuente del sistema de clasificación o colocación | Clasificación decimal universal |
| Estatus retirado | Estado de pérdida | Estado de daño | No para préstamo | Colección | Biblioteca de origen | Biblioteca actual | Ubicación en estantería | Fecha de adquisición | Fuente de adquisición | Total de préstamos | Signatura topográfica completa | Código de barras | Visto por última vez | Precio de reemplazo | Tipo de ítem Koha |
|---|---|---|---|---|---|---|---|---|---|---|---|---|---|---|---|
| Colección digital | Biblioteca del Ateneo de Madrid | Biblioteca del Ateneo de Madrid | Sala Pecera Planta 2 | 17/01/2008 | F-7632 | 1117575 | 23/02/2023 | 23/02/2023 | Libro impreso |
